Biggest English Places In Each County - Statistics

General Stats
  • This quiz has been taken 10 times
    5 since last reset
  • The average score is 30 of 47
Answer Stats
County Answer % Correct
West Midlands Birmingham
100%
Bristol Bristol
100%
Gloucestershire Gloucester
100%
West Yorkshire Leeds
100%
Leicestershire Leicester
100%
Lincolnshire Lincoln
100%
Merseyside Liverpool
100%
Greater Manchester Manchester
100%
Tyne & Wear Newcastle upon Tyne
100%
Norfolk Norwich
100%
Nottinghamshire Nottingham
100%
Oxfordshire Oxford
100%
North Yorkshire York
100%
Dorset Bournemouth
80%
East Sussex Brighton
80%
Cumbria Carlisle
80%
Derbyshire Derby
80%
Suffolk Ipswich
80%
Greater London London
80%
Cambridgeshire Peterborough
80%
Devon Plymouth
80%
Hampshire Southampton
80%
Lancashire Blackpool
60%
Herefordshire Hereford
60%
East Riding of Yorkshire Hull
60%
Bedfordshire Luton
60%
Northamptonshire Northampton
60%
Berkshire Reading
60%
South Yorkshire Sheffield
60%
Essex Southend-on-Sea
60%
Staffordshire Stoke-on-Trent
60%
Wiltshire Swindon
60%
Hertfordshire Watford
60%
Kent Maidstone
40%
Buckinghamshire Milton Keynes
40%
Isle of Wight Newport
40%
Rutland Oakham
40%
Worcestershire Worcester
40%
Somerset Bath
20%
West Sussex Crawley
20%
Durham Darlington
20%
Cornwall Falmouth
20%
Surrey Guildford
20%
Warwickshire Nuneaton
20%
Shropshire Telford
20%
Cheshire Warrington
20%
Northumberland Morpeth
0%
No matching quizzes found
Score Distribution
Percent of People with Each Score
Percentile by Number Answered
Your Score History
You have not taken this quiz since the last reset